Sports Quiz

Random Sports or NFL Quiz

NFL 3000-Passing Yard Seasons by Team Quiz Stats

Quiz Updated Jan 7, 2018

Challenge
Share
Tweet
Embed
Score 0/32 Timer 06:00
2 Plays Today
Teams % Correct
ColtsPeyton Manning
97.9%
PackersBrett Favre
95.8%
DolphinsDan Marino
94.7%
PatriotsTom Brady
94.4%
BroncosJohn Elway
92.1%
SaintsDrew Brees
89.8%
49ersJoe Montana
89.3%
RavensJoe Flacco
87.1%
EaglesDonovan McNabb
86.9%
CowboysTony Romo
85.8%
GiantsEli Manning
79.1%
TexansMatt Schaub
78.4%
BillsJim Kelly
76.3%
SteelersBen Roethlisberger
76.3%
PanthersCam Newton
74.6%
SeahawksMatt Hasselbeck
73.3%
Teams % Correct
Titans/OilersWarren Moon
73%
ChargersPhilip Rivers
63.6%
JaguarsMark Brunell
61.7%
RaidersRich Gannon, Derek Carr
60.6%
BengalsAndy Dalton
59.5%
ChiefsTrent Green, Alex Smith
56.1%
BuccaneersBrad Johnson. Josh Freeman, Jameis Winston
53.2%
LionsMatthew Stafford
52.4%
RedskinsSonny Jurgensen, Joe Theismann, Mark Rypien, Kirk Cousins
44.7%
BearsJay Cutler
39.9%
BrownsBrian Sipe, Bernie Kosar
37%
CardinalsNeil Lomax, Kurt Warner, Carson Palmer
32.9%
FalconsMatt Ryan
31.4%
RamsJim Everett
22.9%
JetsKen O'Brien
21.9%
VikingsTommy Kramer
16.1%

You're not logged in!

Compare scores with friends on all Sporcle quizzes.
Sign Up with Email
OR
Log In

You Might Also Like...

Show Comments

Extras

Top Quizzes Today


Score Distribution

Your Account Isn't Verified!

In order to create a playlist on Sporcle, you need to verify the email address you used during registration. Go to your Sporcle Settings to finish the process.